000 00567nam a2200181 i 4500
001 30685
003 ES-MaACL
005 20230906154234.0
007 t|
008 030127s1946 sp ||||1| spa d
100 1 _aBates, H. E.
_926413
245 1 0 _aSólo los ángeles tienen alas /
_cH.E. Bates ; [traducción del inglés por Nellie Manso de Zúñiga].
250 _a[1ª ed.].
260 _aBarcelona :
_bLauro,
_c1946 (
_fAgustín Núñez)
300 _a210 p. ;
_c20 cm.
700 1 _aManso de Zúñiga, Nellie.
_976135
852 _aES-MaACL
_jB-10500
_bR.22635
999 _c30685
_d30685